000 01488nam a2200301 a 4500
001 BRCA_4989
005 20190320204906.0
008 281010s1595----it-######v---#000-0#sps-#
041 _aspa
044 _amx
084 _aDOC68
_b.S59
_c1585
100 1 _aSixto
_bV,
_cPapa
_d1521-1590
_912708
245 1 0 _aDocumento expedido por el Papa Sixto V
_cSixto V.
260 _aSan Pedro, Roma
_c1585
300 _a[8] fojas
_c30 x 21 cm.
500 _aDocumento firmado en San Pedro del Vaticano el 5 de enero de 1585.
500 _aTomado de la portada ´Prohibición de exercer el Arte de Aftrologia, Iudiciaria y hazer Encantamientos, Adivinaziones y Hechizerias, de leer y tener libros de las dichas cofas y facultad de los Ordinarios y de los Inquifidores, de reprimir y caftigar a los inobedientes´.
500 _aContiene restos de sello lacrado con el escudo del Santo Oficio en la última foja.
500 _aContiene la leyenda DOC. #78.
500 _aEstado de conservación: contiene márgenes maltratados y una mancha de acidez en todas las fojas causas por los restos del sello lacrado.
506 0 _aFondo Reservado. Para su consulta es necesario credencial de usuario y carta de motivos.
546 _aTexto en: español de finales del siglo XVI.
600 1 4 _aSixto
_bV,
_cPapa
_d1521-1590
_xHistoria
_912709
650 1 4 _aDocumentos legales
_xCuria romana
_zRoma
_912680
651 4 _aMéxico
_xHistoria
_yColonia, 1521-1821
_912461
902 _aFDH
942 _2lcc
_cD
999 _c4683
_d4683